00415nam a2200109Ia 4500082001700000245008700017100003800104942000700142008004100149999001900190952009600209 a658.155 YOUN 0aOperational risk management : the practical application of a qualitative approach  a Young, Jackie Pretoria, 2006  cBK210817s9999 xx 000 0 und d c214241d214238 00104070aTRICLbTRICLd2021-08-18g235.00l0p33228023542291r2021-08-18w2021-08-18yBK